| 000 | 00499 a2200193 4500 | ||
|---|---|---|---|
| 999 |
_c31986 _d31986 |
||
| 003 | OSt | ||
| 005 | 20260205130158.0 | ||
| 008 | 260205b ||||| |||| 00| 0 eng d | ||
| 020 | _a978-81-8014-155-3 | ||
| 040 | _c. | ||
| 082 |
_a604.2 _bS5313 |
||
| 100 |
_96548 _aSharma, S. C. |
||
| 245 |
_aMachine Drawing / _cby S. C. Sharma |
||
| 250 | _a2nd ed. | ||
| 260 |
_bStandard Publishers Distributors, _aNew Delhi : _c2012. |
||
| 300 | _a736 p. | ||
| 650 | 0 |
_9975 _aMachine Drawing |
|
| 942 |
_2ddc _cBK |
||